000 00657nam a2200181 i 4500
001 146250
003 ES-MaACL
005 20231204175142.0
007 t|
008 070905s1907 sp a |||| | spa d
100 1 _aTorres Quevedo, Leonardo,
_d1852-1936
_9111002
245 1 0 _aSobre un sistema de notaciones y símbolos destinados a facilitar la descripciones de las máquinas
_b: publicado por la Revista ingeniería /
_cLeonardo de Torres y Quevedo.
260 _aMadrid :
_bJ. Palacios,
_c1907.
300 _a19 p. :
_bil. ;
_c23 cm.
650 4 _aMáquinas-
_xDiseño.
_9163503
852 _aES-MaACL
_jT-1109-F-1
999 _c146250
_d146250